| 000 | 00669nam a2200217Ii 4500 | ||
|---|---|---|---|
| 003 | JO-AjNU | ||
| 005 | 20240625131144.0 | ||
| 008 | 230605s9999||||xx |||||||||||||| ||und|| | ||
| 040 |
_aJO-AjNU _bara _erda _cJO-AjNU |
||
| 041 | _aara | ||
| 050 | 1 | 4 | _aJC336.2001 |
| 100 | 3 |
_aجمعية الثقافة العربية, _eauthor _97984 |
|
| 245 | 0 | 0 | _aاشكالية السلطة في الفكر العربي - الإسلامي |
| 250 | _a(د،ط) | ||
| 264 | 3 | 1 | _aبيروت : دار الكنوز الأدبية ، 2002 |
| 300 | _a231ص | ||
| 336 |
_atext _btxt _2rdacontent |
||
| 337 |
_aunmediated _bn _2rdamedia |
||
| 338 |
_avolume _bnc _2rdacarrier |
||
| 942 |
_2lcc _cBK |
||
| 999 |
_c4123 _d4123 |
||